| 000 | 01901cam a22002057i 4500 | ||
|---|---|---|---|
| 999 |
_c7683 _d7683 |
||
| 003 | OSt | ||
| 005 | 20200317154126.0 | ||
| 008 | 180403s2017 vraa 001 0 eng d | ||
| 020 | _a9781864707328 (hardback) | ||
| 040 |
_aAU@ _beng _cAU@ _erda _dOCLCO _dOCLCF _dBTCTA _dYDX _dBDX _dNJM _dZPP _dCUY _dCLE _dDLC |
||
| 082 | 0 | 4 |
_a727.1 _223 _bKOT |
| 245 | 0 | 0 |
_aDesigning spaces for early childhood development : _bsparking learning & creativity / _cedited by Jure Kotnik. |
| 300 |
_a319 pages : _billustrations (chiefly color) ; _c30 cm |
||
| 520 | _aContemporary pedagogy suggests children's growth and development takes place through experiences. The task of the kindergarten designer and educator is to provide authentic, stimulating and meaningful environments, full of rich and active hands-on experiences that will facilitate each child's access to the natural or human worlds, until they have assimilated everything they need to thrive and grow. This book is intended to uncover the relationship between early childhood space design and childhood development through an exciting selection of kindergarten, childcare, and nursery (crèche) designs from around the world. As a standout, the work focuses on the details of indoor spaces and outdoor playgrounds. Each case includes highlighted commentary by the designer, explaining how their work helps children to shape their own personal curriculum. Case studies include interviews with architects that present valuable insights. Highly illustrated in full-color throughout, this book hopes to spark the design inspirations of kindergarten architects and interior designers, as well as outdoor playground designers, on how to design children's education and care centers. --Amazon | ||
| 650 | 0 |
_aKindergarten facilities _xDesigns and plans. |
|
| 650 | 0 | _aEarly childhood education. | |
| 650 | 0 | _aArchitecture. | |
| 700 | 1 |
_aKotnik, Jure, _eeditor. |
|
| 942 | _2ddc | ||